Faizabad Ayodhya : A study in urban geography (in Hindi) (Record no. 14048)

MARC details
000 -LEADER
fixed length control field 00473nam a2200169Ia 4500
082 ## - DEWEY DECIMAL CLASSIFICATION NUMBER
Classification number TM.0085
100 ## - MAIN ENTRY--AUTHOR NAME
Personal name Mathura Singh
245 #0 - TITLE STATEMENT
Title Faizabad Ayodhya : A study in urban geography (in Hindi)
260 ## - PUBLICATION, DISTRIBUTION, ETC. (IMPRINT)
Year of publication 1971
Name of publisher Agra University
300 ## - PHYSICAL DESCRIPTION
Number of Pages 261p. + C D -26
650 ## - SUBJECT ADDED ENTRY--TOPICAL TERM
Topical Term CITIES AND TOWNS - UTTAR PRADESH///FAIZABAD
650 ## - SUBJECT ADDED ENTRY--TOPICAL TERM
Topical Term FAIZABAD
650 ## - SUBJECT ADDED ENTRY--TOPICAL TERM
Topical Term AYODHYA
650 ## - SUBJECT ADDED ENTRY--TOPICAL TERM
Topical Term CITIES AND TOWNS - UTTAR PRADESH///AYODHYA
710 ## - ADDED ENTRY--CORPORATE NAME
Corporate name or jurisdiction name as entry element Nigam, R.K.
942 ## - ADDED ENTRY ELEMENTS (KOHA)
Koha item type Thesis
Source of classification or shelving scheme Dewey Decimal Classification
Holdings
Withdrawn status Lost status Damaged status Not for loan Home library Current library Date acquired Full call number Accession Number Price effective from Koha item type
        NASSDOC Library NASSDOC Library 08/10/2004 TM.0085 5623 18/04/2019 Thesis